|
|
|
|
| LEADER |
01615nam a2200373 a 4500 |
| 001 |
358737 |
| 003 |
BD-DhAAL |
| 005 |
20211205153703.0 |
| 008 |
191201t1993 onc b 000 0 eng d |
| 999 |
|
|
|c 41930
|d 41930
|
| 010 |
|
|
|a 93231856
|
| 020 |
|
|
|a 9780802074119
|
| 020 |
|
|
|a 0802074111
|
| 040 |
|
|
|d BD-DhAAL
|
| 082 |
0 |
0 |
|a 378.12082
|2 20
|
| 100 |
1 |
|
|a Caplan, Paula J.
|9 37805
|
| 245 |
1 |
0 |
|a Lifting a ton of feathers :
|b a woman's guide for surviving in the academic world /
|c Paula J. Caplan.
|
| 260 |
|
|
|a Toronto ;
|a Buffalo :
|b University of Toronto Press,
|c [1993].
|
| 300 |
|
|
|a xvi, 273 pages ;
|c 24 cm.
|
| 504 |
|
|
|a Includes bibliographical references (pages 237-273).
|
| 526 |
|
|
|a BIED
|
| 541 |
|
|
|a Complimentary copy from BIED
|e 35737
|
| 650 |
|
0 |
|a Women college teachers
|z Canada.
|9 37806
|
| 650 |
|
0 |
|a Women college teachers
|z United States.
|9 37807
|
| 650 |
|
0 |
|a Sex discrimination against women
|z Canada.
|9 37808
|
| 650 |
|
0 |
|a Sex discrimination against women
|z United States.
|9 37809
|
| 650 |
|
0 |
|a Sex discrimination in education
|z Canada.
|9 37810
|
| 650 |
|
0 |
|a Sex discrimination in education
|z United States.
|9 37811
|
| 650 |
|
0 |
|a Sex discrimination in employment
|z Canada.
|9 37812
|
| 650 |
|
0 |
|a Sex discrimination in employment
|z United States.
|9 37813
|
| 650 |
|
0 |
|a Women Empowerment
|z Canada
|9 37814
|
| 852 |
|
|
|a Ayesha Abed Library
|c BIED Collection
|
| 942 |
|
|
|2 ddc
|c BK
|
| 952 |
|
|
|0 0
|1 0
|2 ddc
|4 0
|6 378_120820000000000_CAP
|7 0
|9 67320
|a BRACUL
|b BRACUL
|c GEN
|d 2019-12-01
|e Complimentary copy from BIED
|l 0
|o 378.12082 CAP
|p 3010035737
|r 2019-12-01
|t 1
|w 2019-12-01
|y BK
|x Transferred from BIED to General Stacks
|